000
00284nam a22001337a 4500
999
_c
528313
_d
528313
003
NUST
038
_a
MSOHAIL
082
_a
363.7384
_b
UNE
100
_a
UNEP
_9
20024
245
_a
Older Gasoline Vehicles:
260
_a
France
_b
UNEP
_c
1999
300
_a
39,p:
_c
25cm
942
_2
ddc
_c
BK